| 000 | 00743nam a22002532a 4500 | ||
|---|---|---|---|
| 999 |
_c4564 _d4564 |
||
| 001 | 4564 | ||
| 003 | BD-JhCC | ||
| 005 | 20171128181704.0 | ||
| 008 | 860101s1966 enkabe b 000 0 eng d | ||
| 035 | _a(BD-JhCC)4564 | ||
| 040 |
_aDLC _cMAL _dOCL _dSER _dUKM _dEQO _dBD-JhCC |
||
| 041 | _aeng | ||
| 050 | 0 |
_aG73 _b.G6 1966 |
|
| 082 |
_a910.007 _a910.712 _bGOP 1966 |
||
| 100 | 1 | _aGopsill, G. H. | |
| 245 | 1 | 4 |
_aThe teaching of geography _cG. H. Gopsill |
| 250 | _a3rd ed | ||
| 260 |
_aLondon : _bMacmillan ; _aNew York : _bSt. Martin's P, _c1966. |
||
| 300 |
_axi, 316 p. : _billus., maps, plans, tables, diagrs. ; _c23 cm. |
||
| 504 | _aIncludes bibliographies | ||
| 650 | 0 |
_aGeography _xStudy and teaching |
|
| 942 |
_2ddc _cBK |
||